000
00257nam a2200109 a 4500
005
20140513081050.0
008
020605s19uu xx 00 eng d
050
_a
P 372.7
_b
ORD
245
_a
Order the pictures.
650
_a
Orders--Posters
999
_c
116297
_d
116297